Anar al contingut

Озеленение и благоустройство различных территорий. Солитеры, живая изгородь, вертикальное озеленение учебное пособие для спо

В учебном пособии представлен ассортимент растений для сада, использемых в качестве солитеров, живой изгороди и вертикального озеленения. Соответствует современным требованиям Федерального государственного образовательного стандарта среднего профессионального образования и профессиональным квалифи...

Descripció completa

Guardat en:
Dades bibliogràfiques
Autor principal: Мельникова Т. В.
Format: Книга
Idioma:Russian
Publicat: Санкт-Петербург Лань 2025
Edició:2-е изд., стер.
Matèries:
Accés en línia:https://e.lanbook.com/book/448331
https://e.lanbook.com/img/cover/book/448331.jpg
Etiquetes: Afegir etiqueta
Sense etiquetes, Sigues el primer a etiquetar aquest registre!
LEADER 02328nam0a2200301 i 4500
001 448331
003 RuSpLAN
005 20241212105003.0
008 241212s2025 ru gs 000 0 rus
020 |a 978-5-507-50579-1 
040 |a RuSpLAN 
041 0 |a rus 
044 |a ru 
245 0 0 |a Озеленение и благоустройство различных территорий. Солитеры, живая изгородь, вертикальное озеленение  |b учебное пособие для спо  |c Мельникова Т. В. 
250 |a 2-е изд., стер. 
260 |a Санкт-Петербург  |b Лань  |c 2025 
300 |a 72 с. 
504 |a Библиогр.: доступна в карточке книги, на сайте ЭБС Лань 
520 8 |a В учебном пособии представлен ассортимент растений для сада, использемых в качестве солитеров, живой изгороди и вертикального озеленения. Соответствует современным требованиям Федерального государственного образовательного стандарта среднего профессионального образования и профессиональным квалификационным требованиям. Предназначено для студентов колледжей и техникумов, получающих начальное профессиональное образование по специальности «Мастер садово-паркового и ландшафтного строительства», а также всех садоводов-любителей. 
521 8 |a Книга из коллекции Лань - Лесное хозяйство и лесоинженерное дело 
653 0 |a солитеры 
653 0 |a живая изгородь 
653 0 |a вертикальное озеленение 
653 0 |a зеленые насаждения 
100 1 |a Мельникова Т. В. 
856 4 |u https://e.lanbook.com/book/448331 
856 4 8 |u https://e.lanbook.com/img/cover/book/448331.jpg 
953 |a https://e.lanbook.com/img/cover/book/448331.jpg